Roald Dahl Book: Any Word A-Z Quiz Stats

 Plays Quiz Updated Jul 22, 2017

Challenge
Share
Tweet
Embed
Score 0/18 Timer 04:00
1 Play Today
Letter Answer % Correct
TTwits ...
93.7%
CCharlie ...
91.5%
MMatilda ...
90.5%
GGremlins ...
89.2%
AAnd ...
87.3%
FFactory ...
86.3%
JJames
80.7%
PPeach ...
80.7%
BBoy ...
72.1%
Letter Answer % Correct
WWitches ...
70.3%
EElevator ...
64.2%
OOf ...
50.8%
DDanny ...
44.7%
SSolo ...
25.3%
NNibbleswicke ...
16.7%
VVicar
10.6%
UUncle
8.7%
YYear
8.3%

You're not logged in!

Compare scores with friends on all Sporcle quizzes.
OR
Log In

You Might Also Like...

Show Comments

Extras

Top Quizzes Today


Score Distribution

Your Account Isn't Verified!

In order to create a playlist on Sporcle, you need to verify the email address you used during registration. Go to your Sporcle Settings to finish the process.

Report this User

Report this user for behavior that violates our Community Guidelines.

Details: